[Event "LLHH 2324 SK Weisse Dame - SC Diogenes"]
[Site "?"]
[Date "2023.11.05"]
[Round "1.1"]
[White "Hochgraefe, Markus"]
[Black "Popist, Florian"]
[Result "1/2-1/2"]
[WhiteElo "2363"]
[BlackElo "2172"]
[PlyCount "84"]
[EventDate "2023.??.??"]

1. Nf3 c5 2. c4 g6 3. e4 Nc6 4. d4 cxd4 5. Nxd4 Nf6 6. Nc3 d6 7. f3 Nxd4 8. Qxd4 Bg7 9. Be3 O-O 10. Qd2 a5 11. Na4 Nd7 12. O-O-O Ne5 13. Nb6 Rb8 14. Qxa5 Be6 15. Qb5 Nd7 16. Kb1 Nxb6 17. Bxb6 Qc8 18. Be2 Ra8 19. Bd4 Qc7 20. a3 Rfc8 21. Bxg7 Kxg7 22. Rc1 Ra5 23. Qb4 Rc5 24. Rc3 f5 25. exf5 Bxf5+ 26. Ka1 d5 27. g4 d4 28. Rcc1 Be6 29. Qd2 Rd8 30. h4 Bf7 31. h5 g5 32. h6+ Kg8 33. Bd3 Qe5 34. Rce1 Qf6 35. Qe2 Rd7 36. Rhf1 Rdc7 37. f4 gxf4 38. Qh2 e5 39. g5 Qc6 40. Qc2 Bxc4 41. Bxc4+ Rxc4 42. Qf5 Rc3 1/2-1/2

[Event "LLHH 2324 SK Weisse Dame - SC Diogenes"]
[Site "?"]
[Date "2023.11.05"]
[Round "1.2"]
[White "Akca, Gani Eren"]
[Black "Schulenburg, Fabian"]
[Result "0-1"]
[WhiteElo "2156"]
[BlackElo "2282"]
[PlyCount "80"]
[EventDate "2023.??.??"]

1. e4 d5 2. exd5 Qxd5 3. Nf3 Bg4 4. Be2 Nc6 5. d4 O-O-O 6. Be3 e5 7. Nc3 Bb4 8. O-O Bxc3 9. bxc3 Bxf3 10. Bxf3 e4 11. c4 Qxc4 12. Bxe4 Nf6 13. Bf5+ Kb8 14. c3 Nd5 15. Bd3 Qxc3 16. Rc1 Qa3 17. Qd2 g6 18. Bb5 Nce7 19. Bf4 f6 20. Qc2 Qa5 21. Bg3 Qxb5 22. Bxc7+ Ka8 23. Bxd8 Rxd8 24. Rfe1 a6 25. a4 Qd7 26. h3 Rc8 27. Qb3 Rxc1 28. Rxc1 h5 29. Rc5 h4 30. a5 g5 31. Qf3 Qe6 32. Kh2 Qd6+ 33. Kg1 Ka7 34. Qb3 Nf4 35. Qe3 Ne6 36. Rc4 Qd5 37. Qb3 Qxa5 38. Rb4 Qd5 39. Qb2 Nf4 40. f3 Nd3 0-1

[Event "LLHH 2324 SK Weisse Dame - SC Diogenes"]
[Site "?"]
[Date "2023.11.05"]
[Round "1.3"]
[White "Kaid, Almar"]
[Black "Lansky, Georg"]
[Result "1-0"]
[WhiteElo "2292"]
[BlackElo "2071"]
[PlyCount "69"]
[EventDate "2023.??.??"]

1. Nf3 Nf6 2. g3 d5 3. Bg2 c5 4. O-O e6 5. c4 Nc6 6. cxd5 exd5 7. d4 Bf5 8. Nc3 Be7 9. b3 O-O 10. Bb2 c4 11. bxc4 dxc4 12. d5 Nb4 13. Nh4 Bg4 14. h3 Bh5 15. Rb1 Qd7 16. g4 Nxg4 17. hxg4 Bxg4 18. Nf3 Bd6 19. Qd4 Nc2 20. Qe4 Bf5 21. Qxc4 Rac8 22. Qa4 Qe7 23. e4 Bg4 24. Qxc2 Bxf3 25. Bxf3 Qh4 26. Rfe1 Qh2+ 27. Kf1 f5 28. exf5 Rc4 29. Re4 Qh3+ 30. Bg2 Qxf5 31. Qe2 Rc7 32. Kg1 Rf6 33. Nb5 Rg6 34. Nxd6 Rxd6 35. Be5 1-0

[Event "LLHH 2324 SK Weisse Dame - SC Diogenes"]
[Site "?"]
[Date "2023.11.05"]
[Round "1.4"]
[White "Mandelbaum, Peter-Rene"]
[Black "Schulenburg, Torben"]
[Result "1/2-1/2"]
[WhiteElo "2100"]
[BlackElo "2237"]
[PlyCount "27"]
[EventDate "2023.??.??"]

1. e4 e6 2. d4 d5 3. Nd2 c5 4. exd5 Qxd5 5. Ngf3 cxd4 6. Bc4 Qd6 7. O-O Nf6 8. Nb3 Nc6 9. Nbxd4 Nxd4 10. Nxd4 Be7 11. b3 O-O 12. Bb2 Qf4 13. Qf3 Qxf3 14. Nxf3 1/2-1/2

[Event "LLHH 2324 SK Weisse Dame - SC Diogenes"]
[Site "?"]
[Date "2023.11.05"]
[Round "1.5"]
[White "Gottuk, Stefan"]
[Black "Schiele, Lars"]
[Result "1-0"]
[WhiteElo "2167"]
[BlackElo "2050"]
[PlyCount "93"]
[EventDate "2023.??.??"]

1. d4 Nf6 2. Bf4 g6 3. Nc3 Bg7 4. e4 d6 5. Qd2 c6 6. f3 b5 7. Bh6 O-O 8. g4 e5 9. Bxg7 Kxg7 10. O-O-O Qa5 11. Kb1 b4 12. Nce2 Be6 13. Nc1 Nbd7 14. Nge2 h5 15. g5 Ng8 16. h4 Ne7 17. Bh3 Rad8 18. Ng3 c5 19. d5 Bxh3 20. Rxh3 c4 21. Nge2 Rb8 22. f4 c3 23. Nb3 cxd2 24. Nxa5 exf4 25. Nxf4 Nc5 26. Re3 Rfe8 27. Re2 Nc8 28. Nc6 Rb7 29. Rdxd2 Rxe4 30. Rxe4 Nxe4 31. Rd4 Ng3 32. Nd3 Rb5 33. Ndxb4 a5 34. a4 Rxb4 35. Nxb4 axb4 36. a5 f6 37. Rc4 Ne7 38. Rc7 fxg5 39. Rxe7+ Kf6 40. Re6+ Kf5 41. a6 gxh4 42. a7 h3 43. a8=Q h2 44. Qf8+ Kg5 45. Re1 h1=Q 46. Rxh1 Nxh1 47. Qf3 1-0

[Event "LLHH 2324 SK Weisse Dame - SC Diogenes"]
[Site "?"]
[Date "2023.11.05"]
[Round "1.6"]
[White "Kuhle, Sebastian"]
[Black "Laqua, Christian"]
[Result "1-0"]
[WhiteElo "2026"]
[BlackElo "2036"]
[PlyCount "63"]
[EventDate "2023.??.??"]

1. c4 e5 2. Nc3 d6 3. g3 f5 4. Bg2 Nf6 5. d3 Be7 6. e3 O-O 7. Nh3 Na6 8. O-O c6 9. f4 Kh8 10. Re1 Nc7 11. e4 fxe4 12. fxe5 dxe5 13. Nxe4 Nxe4 14. Bxe4 Ne8 15. Bg2 Bf5 16. Nf2 Bc5 17. Be3 Qb6 18. Qe2 Nf6 19. b4 Bxe3 20. Qxe3 Qxb4 21. Rab1 Qe7 22. Qxe5 Qd7 23. Qe7 Rf7 24. Qxd7 Rxd7 25. Rb3 Re8 26. Rxe8+ Nxe8 27. g4 Bg6 28. Ne4 Bxe4 29. Bxe4 Nd6 30. Bxc6 Rd8 31. Bxb7 Rb8 32. c5 1-0

[Event "LLHH 2324 SK Weisse Dame - SC Diogenes"]
[Site "?"]
[Date "2023.11.05"]
[Round "1.7"]
[White "Kilic, Oguz"]
[Black "Purniel Umpierre, Christian"]
[Result "1/2-1/2"]
[WhiteElo "2036"]
[BlackElo "1990"]
[PlyCount "44"]
[EventDate "2023.??.??"]

1. e4 c5 2. Nc3 e6 3. d3 d5 4. g3 d4 5. Nce2 Nc6 6. Bg2 Be7 7. f4 b5 8. Nf3 Bb7 9. O-O Nf6 10. h3 Qc7 11. a4 a6 12. axb5 axb5 13. Rxa8+ Bxa8 14. g4 O-O 15. g5 Nd7 16. e5 Nb4 17. Ng3 Rd8 18. Ne4 Nf8 19. Nh4 g6 20. Nf6+ Kh8 21. Bxa8 Rxa8 22. Nf3 Ra1 1/2-1/2

[Event "LLHH 2324 SK Weisse Dame - SC Diogenes"]
[Site "?"]
[Date "2023.11.05"]
[Round "1.8"]
[White "Kielhorn, Sebastian"]
[Black "Kalla, Christian"]
[Result "1-0"]
[WhiteElo "1959"]
[BlackElo "1963"]
[PlyCount "115"]
[EventDate "2023.??.??"]

1. d4 Nf6 2. c4 g6 3. g3 Bg7 4. Bg2 d5 5. cxd5 Nxd5 6. e4 Nb6 7. Ne2 O-O 8. O-O a5 9. Nbc3 e5 10. dxe5 Bxe5 11. Bh6 Bg7 12. Bxg7 Kxg7 13. Qc2 Na6 14. Rad1 Qe7 15. Nf4 c6 16. h4 Bg4 17. f3 Be6 18. b3 Qc5+ 19. Kh2 Nc7 20. Nd3 Qd4 21. Ne2 Qf6 22. Nc5 Bc8 23. Nf4 Na6 24. Bh3 Nxc5 25. Qxc5 Bxh3 26. Kxh3 Ra6 27. Rd6 Qb2 28. h5 Re8 29. Rh1 Qe5 30. Qxe5+ Rxe5 31. Kg4 a4 32. Rd8 axb3 33. h6+ Kf6 34. axb3 Raa5 35. Rh8 Rg5+ 36. Kh3 Ra3 37. Rb1 Nd7 38. g4 Rga5 39. Kg3 Ra8 40. Rxh7 Rg8 41. Rd1 Nf8 42. g5+ Ke7 43. Rg7 Rh8 44. Rb1 Ra5 45. Kg4 Rb5 46. b4 Ke8 47. Ra1 Rxb4 48. Ra8+ Ke7 49. Rc8 Rd4 50. Rc7+ Rd7 51. Rxd7+ Kxd7 52. Rxf7+ Kc8 53. Kg3 b5 54. Kf2 b4 55. Ke2 c5 56. Kd3 b3 57. Kc3 c4 58. e5 1-0

[Event "LLHH 2324 SK Marmstorf - SK Johanneum Ep"]
[Site "?"]
[Date "2023.11.05"]
[Round "1.1"]
[White "Kussin, Bernd"]
[Black "Carlstedt, Jonathan"]
[Result "0-1"]
[WhiteElo "2083"]
[BlackElo "2454"]
[PlyCount "80"]
[EventDate "2023.??.??"]

1. d4 g6 2. Nf3 Bg7 3. c4 d6 4. Nc3 Bg4 5. e3 Nc6 6. Be2 Nf6 7. h3 Bd7 8. a3 e5 9. b4 O-O 10. Bb2 exd4 11. exd4 d5 12. cxd5 Ne7 13. Qb3 Kh8 14. Ne5 Nexd5 15. Bc4 Be6 16. O-O Nxc3 17. Bxc3 Nd5 18. Rfe1 c6 19. a4 Qg5 20. Nf3 Qh5 21. Bd2 b5 22. Bf1 Nb6 23. Qc3 Qd5 24. axb5 cxb5 25. Qc5 Nc4 26. Bxc4 bxc4 27. Bc3 Qb7 28. b5 Rfc8 29. Qb4 Bd5 30. Re7 Bf8 31. Rae1 Bxe7 32. Rxe7 Rc7 33. Rxc7 Qxc7 34. Ne5 f6 35. Ng4 Kg7 36. Ne3 Rd8 37. Qc5 Qxc5 38. dxc5 Be6 39. Ba5 Rc8 40. c6 Rb8 0-1

[Event "LLHH 2324 SK Marmstorf - SK Johanneum Ep"]
[Site "?"]
[Date "2023.11.05"]
[Round "1.2"]
[White "Kuberczyk, Christoph"]
[Black "Wirthgen, Peter"]
[Result "1-0"]
[WhiteElo "2277"]
[BlackElo "2119"]
[PlyCount "77"]
[EventDate "2023.??.??"]

1. d4 d5 2. c4 c6 3. Nf3 Nf6 4. e3 Bf5 5. Nc3 e6 6. Nh4 Be4 7. f3 Bg6 8. Qb3 Qc7 9. Bd2 a5 10. cxd5 Nxd5 11. e4 Nxc3 12. bxc3 Be7 13. Nxg6 hxg6 14. g3 Nd7 15. Kf2 a4 16. Qb2 b5 17. Kg2 Nb6 18. Be3 O-O 19. h4 a3 20. Qb3 Ra4 21. Bd3 Nc4 22. Bf2 Rb8 23. Rae1 e5 24. h5 g5 25. h6 Bf6 26. hxg7 Kxg7 27. Rh5 Rh8 28. Rxh8 Kxh8 29. Bxc4 Rxc4 30. Qxa3 Kg7 31. Rh1 Ra4 32. Qb2 Qa5 33. dxe5 Bxe5 34. Qd2 Bf6 35. e5 Bd8 36. Qd3 Rxa2 37. Qh7+ Kf8 38. Qh6+ Ke8 39. Qxc6+ 1-0

[Event "LLHH 2324 SK Marmstorf - SK Johanneum Ep"]
[Site "?"]
[Date "2023.11.05"]
[Round "1.3"]
[White "Johannsen, Dennis"]
[Black "Hawellek, Jeronimo"]
[Result "0-1"]
[WhiteElo "2082"]
[BlackElo "2288"]
[PlyCount "70"]
[EventDate "2023.??.??"]

1. d4 f5 2. Bg5 g6 3. Nc3 Bg7 4. e4 fxe4 5. Nxe4 d5 6. Nc5 b6 7. Nb3 Nh6 8. Nf3 Nf7 9. Bh4 O-O 10. Be2 Qd7 11. Bg3 Nc6 12. O-O e5 13. c4 e4 14. Ne5 Nfxe5 15. dxe5 d4 16. Re1 Nxe5 17. Nxd4 Bb7 18. Nb5 Qf7 19. Qb3 Rad8 20. Rad1 a6 21. Nc3 Nd3 22. Rf1 Nf4 23. Bxf4 Qxf4 24. c5+ Kh8 25. cxb6 c5 26. Nd5 Qg5 27. Nc7 e3 28. f3 Rxd1 29. Bxd1 Be5 30. Qe6 Bc8 31. Qd5 Bh3 32. f4 Rxf4 33. Rxf4 Qxf4 34. Qd8+ Kg7 35. Ne6+ Bxe6 0-1

[Event "LLHH 2324 SK Marmstorf - SK Johanneum Ep"]
[Site "?"]
[Date "2023.11.05"]
[Round "1.4"]
[White "Ramme, Christoph"]
[Black "Enxing, Simon"]
[Result "1-0"]
[WhiteElo "2115"]
[BlackElo "2165"]
[PlyCount "87"]
[EventDate "2023.??.??"]

1. d4 c5 2. d5 Nf6 3. c4 b5 4. cxb5 a6 5. bxa6 Bxa6 6. Nc3 g6 7. e4 Bxf1 8. Kxf1 d6 9. Nf3 Nbd7 10. g3 Bg7 11. Kg2 O-O 12. a4 Qc8 13. Rb1 Qa6 14. b3 Rfb8 15. Qc2 Rb4 16. Ba3 Rb7 17. Rhe1 Ng4 18. Bc1 Nde5 19. Nxe5 Nxe5 20. Rd1 c4 21. Be3 cxb3 22. Rxb3 Rc8 23. Rxb7 Qxb7 24. Qb1 Qd7 25. Nb5 Qg4 26. Bb6 Nf3 27. Qd3 Ne5 28. Qb1 Rc4 29. Rd4 Qf3+ 30. Kg1 Rc8 31. Rd1 Bh6 32. Nd4 Qg4 33. a5 Qh3 34. a6 Rc3 35. a7 Ng4 36. a8=Q+ Bf8 37. Ne2 Rf3 38. Qa7 Nxh2 39. Rd3 g5 40. Nd4 Rxf2 41. Kxf2 Ng4+ 42. Ke2 Qg2+ 43. Kd1 Ne5 44. Qa6 1-0

[Event "LLHH 2324 SK Marmstorf - SK Johanneum Ep"]
[Site "?"]
[Date "2023.11.05"]
[Round "1.5"]
[White "Schueler, Hendrik"]
[Black "Mueller, Jan-Hendrik"]
[Result "0-1"]
[WhiteElo "2053"]
[BlackElo "2138"]
[PlyCount "108"]
[EventDate "2023.??.??"]

1. d4 d5 2. Nf3 Nf6 3. c4 e6 4. g3 Be7 5. Bg2 O-O 6. O-O c6 7. Qc2 b6 8. Rd1 Nbd7 9. b3 Re8 10. Nbd2 Bb7 11. e4 c5 12. cxd5 exd5 13. e5 Ne4 14. Nxe4 dxe4 15. Nd2 cxd4 16. e6 Rc8 17. Qb1 fxe6 18. Nxe4 e5 19. h4 Nc5 20. Nxc5 Bxg2 21. Kxg2 bxc5 22. Qe4 c4 23. bxc4 Rxc4 24. Bg5 Rc5 25. Bxe7 Qxe7 26. Rab1 Qf7 27. Rd2 Qd5 28. Re1 Kf7 29. Qxd5+ Rxd5 30. Kf3 Rc5 31. Ke4 Re7 32. Rb1 h5 33. Rb8 Kf6 34. Rh8 g6 35. Rf8+ Ke6 36. Rg8 Kf7 37. Rd8 Rec7 38. Rb8 a5 39. Rb6 Re7 40. Ra6 Re6 41. Ra7+ Re7 42. Ra6 Rd7 43. Rd3 Rc1 44. Kxe5 Re1+ 45. Kf4 Rd5 46. Ra7+ Kf6 47. Ra6+ Kg7 48. Ra7+ Kh6 49. Rf7 Re2 50. Kf3 Rxa2 51. Ke4 Rf5 52. Rxf5 gxf5+ 53. Kxd4 Rxf2 54. Ke3 Ra2 0-1

[Event "LLHH 2324 SK Marmstorf - SK Johanneum E"]
[Site "?"]
[Date "2023.11.05"]
[Round "1.6"]
[White "Hohlbein, Michael"]
[Black "Zobel, Andrej"]
[Result "0-1"]
[WhiteElo "1974"]
[BlackElo "2073"]
[PlyCount "40"]
[EventDate "2023.??.??"]

1. e4 e5 2. Nf3 Nc6 3. Bc4 Bc5 4. O-O Nf6 5. d4 Bxd4 6. Nxd4 Nxd4 7. Bg5 d6 8. f4 Be6 9. fxe5 dxe5 10. Na3 Qe7 11. c3 Bxc4 12. Nxc4 Ne6 13. Bxf6 Qc5+ 14. Kh1 Qxc4 15. Bxe5 O-O 16. Qd5 Qa6 17. Qd1 Rad8 18. Qg4 Rd2 19. Rf6 Qe2 20. Qg3 Rd1+ 0-1

[Event "LLHH 2324 SK Marmstorf - SK Johanneum Ep"]
[Site "?"]
[Date "2023.11.05"]
[Round "1.7"]
[White "Seidel, Mika"]
[Black "Bach, Matthias"]
[Result "1/2-1/2"]
[WhiteElo "1966"]
[BlackElo "2207"]
[PlyCount "168"]
[EventDate "2023.??.??"]

1. c4 Nf6 2. Nf3 c5 3. d4 cxd4 4. Nxd4 g6 5. Nc3 Bg7 6. e4 d6 7. Be2 Nc6 8. Nc2 O-O 9. O-O Be6 10. Qd2 a5 11. f3 a4 12. Rb1 Nd7 13. Nd5 Nc5 14. Kh1 f5 15. exf5 Bxf5 16. Nde3 Be6 17. Nd5 Bf7 18. Rd1 e5 19. Nde3 Qb6 20. Qe1 Rad8 21. Nd5 Bxd5 22. cxd5 Nd4 23. Nxd4 exd4 24. Bd2 Rde8 25. Qf1 Rf5 26. Bb5 Rfe5 27. Bxe8 Rxe8 28. Re1 Rf8 29. Qe2 d3 30. Qe3 Qb5 31. Qe7 Be5 32. Bh6 Re8 33. Qc7 Na6 34. Qc1 Qxd5 35. Qd2 Rc8 36. Qg5 Nc5 37. f4 Ne6 38. Qg4 Rc4 39. b3 axb3 40. axb3 Rb4 41. Rbd1 Rd4 42. Qh3 d2 43. Re2 Rd3 44. Qg4 Rd4 45. Rexd2 Qxb3 46. Rxd4 Bxd4 47. f5 Bg7 48. fxe6 Bxh6 49. Rxd6 Bf8 50. Rd8 Qe3 51. Rd1 Bd6 52. Qc4 Qe5 53. e7+ Kg7 54. e8=N+ Qxe8 55. Qd4+ Be5 56. Qd7+ Qxd7 57. Rxd7+ Kg8 58. Rxb7 h5 59. g3 Bg7 60. Kg2 Kh7 61. Kf3 Kh6 62. Kf4 Bd4 63. h3 Bc5 64. Rd7 Bg1 65. Rd1 Bb6 66. Rd3 Bc7+ 67. Ke4 Kg5 68. Kd5 h4 69. gxh4+ Kxh4 70. Ke6 Bg3 71. Kf6 Kxh3 72. Kxg6 Kg4 73. Rd4+ Kf3 74. Kf5 Ke3 75. Ra4 Bd6 76. Re4+ Kd3 77. Re8 Bc5 78. Kf4 Bd6+ 79. Kf3 Kd4 80. Rd8 Ke5 81. Ke3 Bc7 82. Ra8 Kd5 83. Kd3 Bb6 84. Rb8 Bc5 1/2-1/2

[Event "LLHH 2324 SK Marmstorf - SK Johanneum Ep"]
[Site "?"]
[Date "2023.11.05"]
[Round "1.8"]
[White "Diekmann, Jens"]
[Black "Markovic, Daniel"]
[Result "1/2-1/2"]
[WhiteElo "2038"]
[BlackElo "1949"]
[PlyCount "51"]
[EventDate "2023.??.??"]

1. c4 c6 2. Nf3 d5 3. b3 Bg4 4. Bb2 Bxf3 5. exf3 Nd7 6. d4 e6 7. Bd3 Bd6 8. O-O Qh4 9. g3 Qh3 10. Re1 Ne7 11. Ba3 Bxa3 12. Nxa3 Nf6 13. Qd2 Qh5 14. Re5 Qxf3 15. Be2 Ne4 16. Bxf3 Nxd2 17. Bg2 Ne4 18. Bxe4 dxe4 19. Rxe4 O-O-O 20. Nc2 Rd7 21. a4 Rhd8 22. g4 Kb8 23. a5 Nc8 24. c5 a6 25. Rd1 Ne7 26. Ne3 1/2-1/2

[Event "LLHH 2324 SC Königsspringer II - SV Gro"]
[Site "?"]
[Date "2023.11.05"]
[Round "1.1"]
[White "Wahls, Matthias"]
[Black "Wagner, Friedrich"]
[Result "1-0"]
[WhiteElo "2533"]
[BlackElo "2118"]
[PlyCount "87"]
[EventDate "2023.??.??"]

1. d4 d5 2. c4 c6 3. Nf3 Nf6 4. Nc3 a6 5. c5 Nbd7 6. Bf4 Nh5 7. Bd2 Nhf6 8. Qc2 Qc7 9. e4 e5 10. exd5 cxd5 11. Rc1 exd4 12. Na4 Be7 13. Bd3 Ne5 14. Nxd4 Bd7 15. Nb6 Rd8 16. Nxd7 Nfxd7 17. b4 Bf6 18. Be2 O-O 19. O-O Ng6 20. Nb3 Nf4 21. Bxf4 Qxf4 22. a3 Nb8 23. Rfd1 Nc6 24. g3 Qe5 25. Rb1 Rd7 26. Bg4 Rc7 27. Bf3 Rd8 28. Bxd5 Na7 29. Bc4 Rxd1+ 30. Rxd1 Nc6 31. Qe2 g6 32. Qxe5 Bxe5 33. Rd2 Re7 34. Bd5 Rc7 35. Bxc6 Rxc6 36. Na5 Rc7 37. Re2 f6 38. Nc4 Bc3 39. Re8+ Kg7 40. Nd6 Rd7 41. Rb8 b6 42. Rxb6 a5 43. b5 Be5 44. Nc4 1-0

[Event "LLHH 2324 SC Königsspringer II - SV Gro"]
[Site "?"]
[Date "2023.11.05"]
[Round "1.2"]
[White "Conrad, Christian"]
[Black "Gara, Anita"]
[Result "0-1"]
[WhiteElo "2083"]
[BlackElo "2337"]
[PlyCount "58"]
[EventDate "2023.??.??"]

1. d4 d5 2. Nf3 c5 3. c4 e6 4. g3 Nc6 5. cxd5 exd5 6. Bg2 Nf6 7. O-O Be7 8. dxc5 Bxc5 9. a3 O-O 10. b4 Be7 11. Nc3 Bg4 12. Bb2 Re8 13. Rc1 Bf8 14. Qd3 Qd7 15. Rfd1 Rad8 16. Na4 Bf5 17. Qb3 Rxe2 18. Bxf6 gxf6 19. Nc3 Ree8 20. Nxd5 Qe6 21. b5 Na5 22. Qa4 Rxd5 23. Qxa5 Rxd1+ 24. Rxd1 Qb3 25. Re1 b6 26. Qd2 Qxb5 27. Rxe8 Qxe8 28. Nd4 Bd7 29. Qc3 Qe5 0-1

[Event "LLHH 2324 SC Königsspringer II - SV Gro"]
[Site "?"]
[Date "2023.11.05"]
[Round "1.3"]
[White "Paul, Anatolij"]
[Black "Cremer, Jochen"]
[Result "1/2-1/2"]
[WhiteElo "2065"]
[BlackElo "2082"]
[PlyCount "38"]
[EventDate "2023.??.??"]

1. d4 Nf6 2. Nf3 e6 3. e3 d5 4. Bd3 c5 5. b3 Nc6 6. O-O Qc7 7. Bb2 Bd6 8. Nbd2 e5 9. dxe5 Nxe5 10. Nxe5 Bxe5 11. Bxe5 Qxe5 12. Bb5+ Bd7 13. Bxd7+ Nxd7 14. c4 Nf6 15. cxd5 Qxd5 16. e4 Qc6 17. e5 Nd5 18. Qf3 O-O 19. Rad1 Nb4 1/2-1/2

[Event "LLHH 2324 SC Königsspringer II - SV Gro"]
[Site "?"]
[Date "2023.11.05"]
[Round "1.4"]
[White "Chin, Karin"]
[Black "Spindel, Ulrich"]
[Result "0-1"]
[WhiteElo "2042"]
[BlackElo "2081"]
[PlyCount "110"]
[EventDate "2023.??.??"]

1. e4 e6 2. d4 d5 3. Nc3 Nf6 4. Bg5 Bb4 5. e5 h6 6. Bd2 Bxc3 7. bxc3 Ne4 8. Bd3 Nxd2 9. Qxd2 c5 10. f4 c4 11. Be2 Nc6 12. Nf3 Bd7 13. O-O Ne7 14. Nh4 Nf5 15. Nxf5 exf5 16. Bf3 Be6 17. Rfb1 Rb8 18. a4 g5 19. g3 g4 20. Bg2 h5 21. Qc1 O-O 22. a5 Qd7 23. Qa3 Rfc8 24. Rb4 Rc7 25. Rab1 Qe7 26. Qb2 Rd7 27. Rb5 Kg7 28. Rc5 Qd8 29. Rb5 Qe7 30. Rc5 Qd8 31. Qb5 Kg8 32. Qb4 Qe7 33. Rb5 Qxb4 34. R5xb4 Kf8 35. Kf2 Ke7 36. h3 Rc7 37. Rb5 Rd7 38. hxg4 hxg4 39. Rh1 Rbd8 40. Rhb1 Rb8 41. Ke3 Kf8 42. Rh1 Ke7 43. Rh5 Rbd8 44. Bf1 Rc7 45. Be2 Rg8 46. Bxc4 Rxc4 47. Rxb7+ Bd7 48. Rxa7 Rxc3+ 49. Kd2 Rgc8 50. Rxf5 Rxc2+ 51. Kd1 Rc1+ 52. Kd2 R8c2+ 53. Kd3 Rc3+ 54. Kd2 R1c2+ 55. Kd1 Ra2 0-1

[Event "LLHH 2324 SC Königsspringer II - SV Gro"]
[Site "?"]
[Date "2023.11.05"]
[Round "1.5"]
[White "Felten, Joachim"]
[Black "Lohse, Marc"]
[Result "1-0"]
[WhiteElo "2081"]
[BlackElo "1900"]
[PlyCount "105"]
[EventDate "2023.??.??"]

1. e4 c5 2. Nf3 d6 3. d4 cxd4 4. Nxd4 Nf6 5. Nc3 a6 6. Bc4 e6 7. Bb3 Nc6 8. Be3 Be7 9. f3 O-O 10. Qd2 Qc7 11. g4 Nd7 12. O-O-O Nde5 13. Qe2 Na5 14. f4 Nec4 15. Bf2 Bd7 16. Rd3 b5 17. g5 d5 18. e5 Rfc8 19. Qh5 g6 20. Qg4 Nb7 21. h4 b4 22. Nce2 Kg7 23. h5 Rh8 24. Rdh3 Nc5 25. Bxc4 dxc4 26. Qg2 Rac8 27. Be3 Bc6 28. Nxc6 Qxc6 29. Qh2 Qe4 30. hxg6 Qxg6 31. Ng3 Kf8 32. Rh6 Qg8 33. Nh5 b3 34. Kb1 bxc2+ 35. Kxc2 Nd3 36. Qg2 Nb4+ 37. Kb1 Nd5 38. Bd2 Rb8 39. Rc1 Ba3 40. Rc2 Ke7 41. Nf6 Qd8 42. Qf3 Bb4 43. Bxb4+ Nxb4 44. Rxc4 Qb6 45. Qc3 Rb7 46. Rh1 Rhb8 47. Rc1 Kf8 48. Rc8+ Ke7 49. Rxb8 Rxb8 50. Qc7+ Qxc7 51. Rxc7+ Kd8 52. Rxf7 Rb5 53. Rxh7 1-0

[Event "LLHH 2324 SC Königsspringer II - SV Gro"]
[Site "?"]
[Date "2023.11.05"]
[Round "1.6"]
[White "Khalaf, Ayman"]
[Black "Ennenbach, Ralph"]
[Result "0-1"]
[WhiteElo "1789"]
[BlackElo "2063"]
[PlyCount "81"]
[EventDate "2023.??.??"]

1. d4 Nf6 2. c4 e6 3. Nf3 a6 4. Bg5 d5 5. e3 dxc4 6. Bxc4 b5 7. Bd3 Bb7 8. O-O Nbd7 9. a4 b4 10. a5 c5 11. Nbd2 Be7 12. Qe2 O-O 13. Rfc1 cxd4 14. Nxd4 Nc5 15. Bxf6 Nxd3 16. Qxd3 Bxf6 17. Qb3 Bxd4 18. exd4 Qxd4 19. Nc4 Bd5 20. Qxb4 Rab8 21. Qc3 Qxc3 22. Rxc3 Bxc4 23. Rxc4 Rxb2 24. Rc6 Ra8 25. g3 g6 26. Rc7 Rb5 27. Rc6 Ra7 28. Kg2 Kf8 29. g4 h5 30. h3 Ke7 31. Rb6 hxg4 32. hxg4 Rc5 33. Kf3 Kf6 34. Kf4 g5+ 35. Ke4 Rc4+ 36. Kf3 Rf4+ 37. Kg3 Rd4 38. Rc1 Rd5 39. Ra1 Ke7 40. Kf3 Rd6 41. Ke4 0-1

[Event "LLHH 2324 SC Königsspringer II - SV Gro"]
[Site "?"]
[Date "2023.11.05"]
[Round "1.7"]
[White "Limbach, Torsten"]
[Black "Wolter, Michael"]
[Result "0-1"]
[WhiteElo "1992"]
[BlackElo "2155"]
[PlyCount "88"]
[EventDate "2023.??.??"]

1. c4 e6 2. g3 d5 3. Bg2 Nf6 4. Nf3 Be7 5. d4 O-O 6. O-O b6 7. Qc2 dxc4 8. Bg5 Nd5 9. Bxe7 Qxe7 10. Qxc4 Ba6 11. Qc2 Nd7 12. Nc3 c5 13. Rfd1 Nxc3 14. bxc3 Rac8 15. Qb2 Rc7 16. e3 Rfc8 17. Qa3 Bb7 18. Rac1 Kf8 19. Qb2 h6 20. h4 Qf6 21. Ne1 Bxg2 22. Kxg2 g5 23. hxg5 hxg5 24. d5 Kg7 25. e4 Rh8 26. Qe2 Qh6 27. Nd3 c4 28. Rh1 cxd3 29. Qxd3 Qf6 30. Rxh8 Kxh8 31. d6 Rc5 32. e5 Nxe5 33. Rh1+ Kg8 34. Qh7+ Kf8 35. Qe4 Rd5 36. c4 Rxd6 37. Qa8+ Ke7 38. Qxa7+ Rd7 39. Qa8 Nxc4 40. Rh8 Ne3+ 41. fxe3 Rd2+ 42. Kh3 Qf5+ 43. g4 Qf1+ 44. Kg3 Qf2+ 0-1

[Event "LLHH 2324 SC Königsspringer II - SV Gro"]
[Site "?"]
[Date "2023.11.05"]
[Round "1.8"]
[White "Streich, Justus"]
[Black "Varain, Ernst-Helmuth"]
[Result "1/2-1/2"]
[WhiteElo "1982"]
[BlackElo "2017"]
[PlyCount "28"]
[EventDate "2023.??.??"]

1. d4 Nf6 2. c4 g6 3. g3 Bg7 4. Bg2 d5 5. cxd5 Nxd5 6. e4 Nb6 7. Ne2 O-O 8. O-O Nc6 9. d5 Na5 10. Nbc3 c6 11. Bf4 e5 12. Be3 cxd5 13. exd5 Nac4 14. Bc5 Re8 1/2-1/2

[Event "LLHH 2324 FC St. Pauli III - SK Union Ei"]
[Site "?"]
[Date "2023.11.05"]
[Round "1.1"]
[White "Voigt, Gerrit"]
[Black "Thomaschke, Dirk"]
[Result "1-0"]
[WhiteElo "2166"]
[BlackElo "2163"]
[PlyCount "23"]
[EventDate "2023.??.??"]

1. e4 e5 2. Nf3 Nc6 3. Bc4 Nf6 4. d3 Be7 5. O-O O-O 6. Re1 d6 7. a4 Kh8 8. a5 a6 9. h3 Ng8 10. Nc3 f5 11. Nd5 Nf6 12. Ng5 1-0

[Event "LLHH 2324 FC St. Pauli III - SK Union Ei"]
[Site "?"]
[Date "2023.11.05"]
[Round "1.2"]
[White "Kahlert, Thomas"]
[Black "Franke, Lutz"]
[Result "1/2-1/2"]
[WhiteElo "2112"]
[BlackElo "2125"]
[PlyCount "46"]
[EventDate "2023.??.??"]

1. d4 e6 2. Nf3 Nf6 3. c4 Bb4+ 4. Bd2 Bxd2+ 5. Qxd2 O-O 6. Nc3 d5 7. e3 b6 8. Be2 Bb7 9. O-O Nbd7 10. Rac1 Rc8 11. b4 dxc4 12. Bxc4 Qe7 13. Qb2 Ne4 14. Nxe4 Bxe4 15. Ba6 Rb8 16. Nd2 Bb7 17. Bxb7 Rxb7 18. Nf3 Nb8 19. Rb1 c6 20. Rfc1 Rc7 21. Rc3 Nd7 22. Rbc1 Rfc8 23. h3 h6 1/2-1/2

[Event "LLHH 2324 FC St. Pauli III - SK Union Ei"]
[Site "?"]
[Date "2023.11.05"]
[Round "1.3"]
[White "Foerster, Andreas"]
[Black "Thieme, Daniel Otis"]
[Result "1/2-1/2"]
[WhiteElo "2190"]
[BlackElo "2113"]
[PlyCount "104"]
[EventDate "2023.??.??"]

1. d4 Nf6 2. c4 e6 3. Nf3 d5 4. g3 Bb4+ 5. Bd2 Be7 6. Bg2 O-O 7. O-O c6 8. Qc2 b6 9. Bf4 Ba6 10. Nbd2 Nbd7 11. e4 Nxe4 12. Nxe4 dxe4 13. Ne5 Nxe5 14. dxe5 Qd3 15. Rac1 Qxc2 16. Rxc2 Rad8 17. Bxe4 c5 18. b3 Rd4 19. Re1 Rfd8 20. Bf3 R4d7 21. h4 Bb7 22. Bxb7 Rxb7 23. Kf1 Rbd7 24. Ke2 h6 25. h5 Bg5 26. Bxg5 hxg5 27. f3 Rd3 28. g4 f6 29. exf6 gxf6 30. Rb1 R3d4 31. Rbb2 f5 32. Rd2 fxg4 33. fxg4 e5 34. Ke3 Rf8 35. Rxd4 exd4+ 36. Ke4 Rf4+ 37. Ke5 Rxg4 38. Kf5 Rf4+ 39. Kxg5 Rf7 40. Re2 Kh7 41. Re8 Rd7 42. Re2 d3 43. Rd2 Rd4 44. h6 a6 45. a4 a5 46. Kf6 Rd6+ 47. Ke7 Rd4 48. Kf6 Kg8 49. Ke7 Kh8 50. Ke6 Kh7 51. Kf6 Kh8 52. Ke6 Kh7 1/2-1/2